| 000 | 00474nam a2200157Ia 4500 | ||
|---|---|---|---|
| 999 |
_c18800 _d18800 |
||
| 003 | OSt | ||
| 005 | 20200618123713.0 | ||
| 008 | 190216s9999||||xx |||||||||||||| ||und|| | ||
| 040 | _coclc | ||
| 082 |
_a954.040924 _bRAU/N |
||
| 100 |
_aRau, M Chalapathi _93049 |
||
| 245 | 0 |
_aNehru For Children / _cM Chalapathi Rau |
|
| 260 |
_bChildren`s Book Trust, _c1967. _aNew Delhi: |
||
| 300 | _a112p | ||
| 942 |
_cBK _2ddc _h954.040924 _iRAU/N _k954.040924 _mRAU/N |
||